| 000 | 00717cab a2200241 4500 | ||
|---|---|---|---|
| 001 | ABS54358 | ||
| 008 | 090401t1995 xxu||||| |||| 00| 0 eng d | ||
| 035 | _a(Sirsi) u9955 | ||
| 041 | _aeng | ||
| 100 | _aFarrer, C. | ||
| 245 | _aContaminated land : the new provisions in the Environment Act 1995 | ||
| 260 | _c1995 | ||
| 350 | _a0 | ||
| 490 |
_aEnvironmental Policy and Practice _v5(3) 1995, 103-105(3) |
||
| 520 | _aDescribes provisions of the Environment Act 1995 which affect contaminated land. | ||
| 650 | _aCONTAMINATED LAND | ||
| 650 | _aENVIRONMENT ACT 1995 | ||
| 650 | _aLAND RECLAMATION | ||
| 690 | _aENVIRONMENTAL AND LAND CONSULTANCY | ||
| 690 | _aLAND | ||
| 942 | _n0 | ||
| 948 | _c04/03/1997 | ||
| 999 |
_c6263 _d6263 |
||